000 00942cad a22002295a 4500
001 E149835
008 100504s2010 xxk f 000 0 eng d
035 _a(Sirsi) u149835
041 0 _aeng
050 0 4 _a690.241 $2 18
110 2 _aHistoric Scotland
_92914
245 0 0 _aINFORM, information for historic building owners
_bstructural joinery
_h[electronic resource]
260 _aEdinburgh
_bHistoric Scotland
_c2010
490 0 _aInform
520 _aDiscusses the timbers which form the roofs and floors of traditional buildings, and offers advice on their survey, inspection and repair.
521 _aIntroductory
590 _aKA
651 4 _aScotland
_y1999-
690 _aBUILT ENVIRONMENT-BUILDING TYPES-ANCIENT MONUMENTS AND HISTORIC BUILDINGS
856 4 0 _uhttps://www.historic-scotland.gov.uk/publicationsresultsdetail.htm?id=4bdf71d21e
_zView the leaflet free of charge at www.historic-scotland.gov.uk...
942 _n0
999 _c110645
_d110645